000 00943cab a2200193 4500
001 L130035
008 050616n2005 000 0 eng u
035 _a(Sirsi) u130035
041 _aeng
100 _aBerry, Brian
245 _aPFI
_Bquantifying quality
260 _c2005
490 _aRICS Business
_v June 2005, 32-33(2)
520 _aExamines the latest RICS report on PFI, "Quantifying quality" (ISBN 1842192132), which concludes that there needs to be a series of reforms for PFI to work more effectively. The practical recommendations made are suitable for both government and professionals and include, reform of the public sector comparator to allow PFI to reach its full potential and establishing a standard form of PFI cost report. This would enable stakeholders to easily determine potential risks and assess value for money.
650 _aPFI
650 _aProcurement
_96260
700 _aFoster, Oliver
942 _n0
999 _c75409
_d75409